000 01138cam a2200241 4500
001 WB3821-18
008 020611n2002 000 0 eng u
035 _a(Sirsi) u118369
245 _aNo common ground
260 _c2002
490 _aEstates Gazette
_v(0223) 08 June 2002
520 _aAfter "Hanning v Top Deck Travel Group Ltd" CA 1993 which left many householders without legitimate access to their homes across commons, parliament eventually took steps in the Countryside and Rights of Way Act 2000 s68 to put in place a scheme to legitimise these rights of access although the regulations under s68 of the Act are yet to be drafted. Reviews recent challenges: "Bakewell Management Ltd v Brandwood"and "R(on the application of Barron) v Surrey CC" .
590 _aWB
650 _aRIGHTS OF ACCESS
650 _aCOMMONS
650 _aCOUNTRYSIDE AND RIGHTS OF WAY ACT 2000 S68
650 _aHANNING V TOP DECK TRAVEL GROUP LTD
650 _aLAW OF PROPERTY ACT 1925 S193 (4)
650 _aR V SURREY CC EX P BARRON
650 _aBAKEWELL MANAGEMENT LTD V BRANDWOOD AND OTHERS
690 _aPROPERTY
942 _n0
999 _c70458
_d70458